000 00735nam a2200205 a 4500
001 000015008
005 20200929163934.0
008 100129s2009 dr c 001 0 spa d
020 _a9789945001341
040 _aDO-SdBNP
_bspa
_cBNPHU
082 _a923.37293
_bA347d
100 1 _aAlcántara, Virgilio
_96466
245 1 0 _aDon pedro Rivera :
_bun hombre irrepetible /
_cVirgilio Alcántara.
260 _aSanto Domingo :
_bAmigo del Hogar,
_c2009.
300 _a433 p. :
_bretrs. ;
_c23 cm.
500 _aIncluye datos biográficos del autor en la solapa de la contracubierta
600 1 4 _aRIVERA, PEDRO
_d1922-1994
_xBIOGRAFÍA
_933969
650 4 _aEmpresarios industriales
_zRepública Dominicana
_xBiografía
_933970
049 _aBNPD
999 _c14581
_d14581